000 00283nam a22001337a 4500
003 SGT
082 _a617.51, O13K
100 _aKIRTANE, MILND V.
245 _aOTOLOGY AND NEUROTOLOGY
260 _aINDIA
_bTHIEME PUB.
_c2013
300 _a498
650 _aSURGERY
942 _2ddc
_cBK
999 _c8405
_d8405